000 00610nam a2200229 i 4500
001 C2-0079513
003 PPAK
005 20180727083608.0
008 970429s1987 enka|||| ||||| | eng d
040 _aPPAK
_beng
_cPPAK
_erda
082 0 4 _a796.8
_223
090 0 0 _a796.8
_bMAR
_dR
245 0 0 _aMartial arts of the Orient
250 _aWilliam, Bryn
264 1 _aLeicester :
_bThe Hamlyn Pub. ,
_c1987
300 _a168 pages :
_billustrations ;
_c30 cm
336 _2rdacontent
_atext
337 _2rdamedia
_aunmediated
338 _2rdacarrier
_avolume
650 1 0 _aSelf - Defense
942 _ddc
_cB
999 _c13603
_d13603